00737nam a22002057a 450000500170000000800410001701700120005801800090007002000180007904000240009705000220012108200130014310000270015624501110018326001240029430000390041856300110045765000320046865000310050020251202131705.0251202b |||||||| |||| 00| 0 eng d aLD.2859 a2025 a9789788557227 aNLNbEnglisheAACR2 aDT515.83.A481bA3 a923.4669 aAMAIZE, Roland I.eaut aThe man Roland Izebe Amaize, birth, early life, Education, family and working lives /cRoland Izebe Amaize aBenin City, Edo State (P. O. Box 5089, No. 22, Benin Technical College Road Ugbowo) :bMindex Publishing Company,c2022 axvii, 385p. :bcol. ports. ; 22cm. a(pbk.) aAmaize, Roland Izebe, 1948- aJudgesvNigeriaxBiography